Vista normal
Vista MARC
Entrada Materia (personas)
Número de registros utilizados en: 6
001 - CONTROL NUMBER
- control field: 109371
003 - CONTROL NUMBER IDENTIFIER
- control field: Co-BoUCM
005 - DATE AND TIME OF LATEST TRANSACTION
- control field: 20211014101351.0
008 - FIXED-LENGTH DATA ELEMENTS
- fixed length control field: 211014|| aca||aabn | a|a d
040 ## - CATALOGING SOURCE
- Original cataloging agency: Co-BoUCM
- Transcribing agency: Co-BoUCM
100 ## - HEADING--PERSONAL NAME
- Personal name: Gerhard, Carlos
670 ## - SOURCE DATA FOUND
- Source citation: Work cat.: (Co-BoUCM)4585: Lorenz, Konrad 59459, Evolución y modificación de la conducta, 1976